Представление документа в формате MARC21

Поле Инд. ПП Название Значение
Тип записи a
Библиографический уровень b
001 Контрольный номер 2dc4058122f4422388e7b7fb8ba369c6
005 Дата корректировки 20200428105515.5
080 a Индекс УДК 94
084 a Индекс другой классификации/Индекс ББК 63.3(4)
090 f Сигла хранения (DOS) чз
100 1_ a Автор Искендеров П. А.
245 10 a Заглавие Великий восточный кризис 1875-1878 гг. и его военно-политические последствия: мифы и реальность
520 0_ a Аннотация Публикация посвящена анализу влияния Великого Восточного кризиса 1875-1878 гг. на последующее развитие военно-политической ситуации в Балканском регионе. Основное внимание уделено динамике интеграционных моделей. В работе проводится анализ существующей историографии по указанным вопросам
653 0_ a Ключевые слова Балканский кризис
a Ключевые слова Восточный кризис
a Ключевые слова Восточный кризис 1875-1880 гг.
a Ключевые слова Международные отношения
773 18 t Название источника Вопросы истории
d Место и дата издания 2019
g Прочая информация № 12-4. - С. 158-163
901 t Тип документа b